00715cam a22002297a 4500003000500000005001700005008004100022010001000063011001000073035001000083040000900093082001600102100003400118245011000152260004900262300001900311490004800330650001800378650002200396700001900418830004800437CHAP20220329134337.0971013s1974 r 00010 d a19060 a20032 a24119 cCHAP a595.752bA500aAlzate Corpus-Raros, Leonila.12aA revision of north American Capitophorus Van der Goot and Pleotrichophorus Borner (Homoptera: Aphididae) aWashington :bSmithsonian Institution,c1974 a143 p.b: ilus 0aSmithsonian contributions to zoologyv; 15614aCapitophorus.14aPleotrichophorus.0 aCook, Edwin F.0 aSmithsonian contributions to zoologyv; 156